[Event "Avoine op 26th"]
[Site "Avoine"]
[Date "2011.07.23"]
[Round "1"]
[White "Lemonnier, Remi"]
[Black "Roger, Mehdi"]
[Result "1-0"]
[WhiteElo "1975"]
[BlackElo "2201"]
[PlyCount "131"]
[EventDate "2011.07.23"]
[EventType "swiss"]
[EventRounds "9"]
[EventCountry "FRA"]
[SourceTitle "EXT 2012"]
[Source "ChessBase"]
[SourceDate "2011.11.24"]
[SourceVersion "1"]
[SourceVersionDate "2011.11.24"]
[SourceQuality "1"]

1. e4 e6 2. d4 d5 3. Nc3 Nf6 4. exd5 exd5 5. Bf4 Bb4 6. Qe2+ Be7 7. Nb5 Na6 8. Qe5 0-0 9. 0-0-0 Ne4 10. Be3 c6 11. Nc3 Bg4 12. Nxe4 Bxd1 13. Kxd1 dxe4 14. Qxe4 Nc5 15. Qf5 g6 16. Qf3 Ne6 17. c3 Qd5 18. h4 h5 19. Bd3 Qxf3+ 20. Nxf3 Bf6 21. Ne5 Rad8 22. Kc2 c5 23. Bh6 Bg7 24. Bxg7 Kxg7 25. dxc5 Nxc5 26. Bc4 Nd7 27. Nf3 a6 28. Ng5 Ne5 29. Bb3 Rd7 30. Re1 Nc6 31. a4 Rc8 32. Kb1 Rcc7 33. Re2 b5 34. f3 Na5 35. Bc2 Nc4 36. Ne4 Re7 37. axb5 axb5 38. b3 Na3+ 39. Kb2 Nxc2 40. Rxc2 Ra7 41. Nd6 Re5 42. Rd2 Rae7 43. Ka3 Re2 44. Rd4 Rxg2 45. Nxb5 Re3 46. c4 Rxf3 47. c5 Rgg3 48. Rb4 Rg4 49. Nd4 Rc3 50. c6 Rxh4 51. Kb2 Rxc6 52. Nxc6 Rxb4 53. Nxb4 h4 54. Nd3 h3 55. Nf2 h2 56. Kc3 g5 57. Kd4 g4 58. Nh1 Kf6 59. b4 Kg5 60. b5 Kh4 61. Ke3 Kh3 62. Kf4 Kg2 63. Ng3 f5 64. b6 h1Q 65. Nxh1 Kxh1 66. b7 1-0

[Event "Avoine op 24th"]
[Site "Avoine"]
[Date "2009.07.21"]
[Round "4"]
[White "Migot, Tangi"]
[Black "Lemonnier, Remi"]
[Result "1-0"]
[WhiteElo "2114"]
[BlackElo "1925"]
[PlyCount "93"]
[EventDate "2009.07.18"]
[EventType "swiss"]
[EventRounds "9"]
[EventCountry "FRA"]
[SourceTitle "CBM 131 Extra"]
[Source "ChessBase"]
[SourceDate "2009.09.03"]
[SourceVersion "2"]
[SourceVersionDate "2009.09.16"]
[SourceQuality "1"]

1. e4 c5 2. Nf3 Nc6 3. Nc3 Nf6 4. d4 cxd4 5. Nxd4 e5 6. Ndb5 d6 7. Bg5 a6 8. Na3 b5 9. Bxf6 gxf6 10. Nd5 Bg7 11. Bd3 Ne7 12. Nxe7 Qxe7 13. c4 f5 14. 0-0 Bb7 15. Qf3 Qf6 16. cxb5 fxe4 17. Bxe4 Qxf3 18. gxf3 d5 19. bxa6 Rxa6 20. Bd3 Rb6 21. Nb5 d4 22. Rfe1 Bxf3 23. Nxd4 Bd5 24. Be4 Bxe4 25. Rxe4 Rxb2 26. Nf5 Bf6 27. a4 0-0 28. a5 Ra8 29. Ra3 h5 30. Rc4 Ra6 31. Rc7 Bd8 32. Rc5 e4 33. Re5 Rb4 34. Re8+ Kh7 35. Rxd8 Rb5 36. Ne3 Rbxa5 37. Rxa5 Rxa5 38. Rd5 Ra1+ 39. Kg2 Kg6 40. Rd4 f5 41. Rd6+ Kg5 42. Rd5 Ra3 43. Rxf5+ Kg6 44. Re5 Ra4 45. h4 Rd4 46. Kg3 Ra4 47. Rg5+ 1-0

[Event "Avoine op 21th"]
[Site "Avoine"]
[Date "2006.07.26"]
[Round "5"]
[White "Le Borgne, Pierre"]
[Black "Lemonnier, Remi"]
[Result "1-0"]
[WhiteElo "2191"]
[BlackElo "1862"]
[PlyCount "101"]
[EventDate "2006.07.22"]
[EventType "swiss"]
[EventRounds "9"]
[EventCountry "FRA"]
[SourceTitle "EXT 2007"]
[Source "ChessBase"]
[SourceDate "2006.11.23"]
[SourceVersion "1"]
[SourceVersionDate "2006.11.23"]
[SourceQuality "1"]

1. e4 c5 2. Nf3 Nc6 3. Bb5 g6 4. Bxc6 dxc6 5. d3 Bg7 6. 0-0 Nf6 7. h3 0-0 8. Nc3 Qc7 9. Be3 b6 10. Nh2 h6 11. f4 Kh7 12. Rf2 e5 13. fxe5 Nd7 14. Ng4 Nxe5 15. Nf6+ Bxf6 16. Rxf6 Qe7 17. Rf2 f5 18. Qd2 g5 19. exf5 Bxf5 20. Re1 Rae8 21. Ref1 Bg6 22. b3 Rxf2 23. Bxf2 Rf8 24. Re1 Qd6 25. Qe3 Qf6 26. Ne4 Bxe4 27. Qxe4+ Ng6 28. Bg3 Qd4+ 29. Kh2 Qd5 30. a4 Kg7 31. a5 Nf4 32. a6 Rf6 33. Bxf4 Rxf4 34. Qxd5 cxd5 35. Re7+ Rf7 36. Rb7 Kf6 37. Kg3 h5 38. h4 g4 39. Kf4 Rf8 40. Rxa7 Ke6+ 41. Kg5 Ke5 42. Rb7 Kd4 43. Rxb6 Kc3 44. Rc6 Kb4 45. a7 Ra8 46. Rc7 d4 47. Kxh5 Kc3 48. Rxc5+ Kd2 49. Rc7 Ke3 50. Kxg4 Rg8+ 51. Kf5 1-0

[Event "France-ch U14"]
[Site "Reims"]
[Date "2004.04.19"]
[Round "3"]
[White "Benassayag, Lucas"]
[Black "Lemonnier, Remi"]
[Result "1-0"]
[WhiteElo "2059"]
[BlackElo "1950"]
[PlyCount "79"]
[EventDate "2004.04.??"]
[EventType "swiss"]
[EventRounds "9"]
[EventCountry "FRA"]
[SourceTitle "EXT 2005"]
[Source "ChessBase"]
[SourceDate "2004.11.15"]
[SourceVersion "1"]
[SourceVersionDate "2004.11.15"]
[SourceQuality "1"]

1. e4 c5 2. Nf3 Nc6 3. d4 cxd4 4. Nxd4 Nf6 5. Nc3 e5 6. Ndb5 d6 7. Bg5 a6 8. Na3 b5 9. Bxf6 gxf6 10. Nd5 Bg7 11. c3 Ne7 12. Nc2 f5 13. exf5 Bxf5 14. Nce3 Be6 15. Nxe7 Qxe7 16. Be2 0-0 17. Bf3 Rad8 18. Bd5 f5 19. Qf3 Kh8 20. Rd1 e4 21. Qh3 Rf6 22. Bxe6 Qxe6 23. Nd5 Rf7 24. 0-0 Be5 25. f3 Qg6 26. f4 Bf6 27. Rfe1 a5 28. Re3 Bg7 29. Qh4 Rdd7 30. Nb6 Bf6 31. Qh3 Bd8 32. Nxd7 Rxd7 33. Rxe4 fxe4 34. Qxd7 Bb6+ 35. Kh1 Bc5 36. Qxb5 Qh5 37. Rxd6 e3 38. Qb8+ Kg7 39. Qc7+ Kg8 40. Qd8+ 1-0

[Event "FRA-ch U14"]
[Site "Le Grand Bornand"]
[Date "2003.??.??"]
[Round "7.9"]
[White "Chiu, Alexandre"]
[Black "Lemonnier, Remi"]
[Result "1-0"]
[WhiteElo "2022"]
[BlackElo "1850"]
[PlyCount "83"]
[EventDate "2003.??.??"]
[EventType "swiss"]
[EventRounds "9"]
[EventCountry "FRA"]
[SourceTitle "EXT 2004"]
[Source "ChessBase"]
[SourceDate "2003.11.25"]
[SourceVersion "1"]
[SourceVersionDate "2003.11.25"]
[SourceQuality "1"]

1. d4 d5 2. c4 e6 3. Nc3 Nf6 4. Bg5 Nbd7 5. Nf3 Be7 6. e3 0-0 7. Bd3 c6 8. 0-0 dxc4 9. Bxc4 Nd5 10. Bxe7 Qxe7 11. Qe2 Nxc3 12. bxc3 e5 13. e4 Re8 14. Rae1 exd4 15. cxd4 c5 16. d5 Ne5 17. Nxe5 Qxe5 18. f4 Qd4+ 19. Kh1 a6 20. e5 b5 21. Bb3 c4 22. Rd1 Qb6 23. Bc2 Qb8 24. e6 Bxe6 25. dxe6 Rxe6 26. Qf3 b4 27. Rd7 Ra7 28. Rxa7 Qxa7 29. Qd5 g6 30. Qxc4 Qb7 31. f5 Rc6 32. Qe4 Qc7 33. Bb3 Rf6 34. h3 Qc8 35. g4 gxf5 36. gxf5 h5 37. Rg1+ Kh7 38. Qg2 Qf8 39. Qg5 Rh6 40. f6 Rg6 41. Bc2 Qa8+ 42. Rg2 1-0

[Event "Niort op-A"]
[Site "Niort"]
[Date "2002.09.28"]
[Round "3"]
[White "Mace, Emmanuel"]
[Black "Lemonnier, Remi"]
[Result "1-0"]
[WhiteElo "1790"]
[BlackElo "1950"]
[PlyCount "91"]
[EventDate "2002.09.??"]
[EventType "swiss"]
[EventRounds "6"]
[EventCountry "FRA"]
[SourceTitle "EXT 2004"]
[Source "ChessBase"]
[SourceDate "2003.11.25"]
[SourceVersion "1"]
[SourceVersionDate "2003.11.25"]
[SourceQuality "1"]

1. e4 c5 2. Nc3 Nc6 3. f4 e6 4. Nf3 g6 5. Bc4 Nge7 6. 0-0 Bg7 7. a3 0-0 8. d3 d5 9. Ba2 Bxc3 10. bxc3 dxe4 11. dxe4 Qxd1 12. Rxd1 Kh8 13. a4 b6 14. Bb2 f6 15. Rd6 Rd8 16. Rad1 Bb7 17. Bxe6 Rxd6 18. Rxd6 Rd8 19. c4 Kg7 20. Rxd8 Nxd8 21. Bd5 Bc6 22. Bxc6 Ndxc6 23. e5 fxe5 24. Nxe5 Kf8 25. Nxc6 Nxc6 26. Bc3 Kf7 27. Kf2 Ke6 28. g4 Kd6 29. Ke3 Nb4 30. Bxb4 cxb4 31. Kd4 a6 32. f5 gxf5 33. gxf5 h6 34. f6 Ke6 35. f7 Kxf7 36. Kd5 Kg6 37. Kc6 Kh5 38. Kxb6 Kh4 39. c5 Kh3 40. c6 b3 41. cxb3 Kxh2 42. c7 h5 43. c8Q h4 44. Qh8 h3 45. Kxa6 Kh1 46. Qxh3+ 1-0